书目信息 |
| 题名: |
古代礼制风俗漫谈
|
|
| 作者: | ;文史知识编辑部 编 | |
| 分册: | 二 | |
| 出版信息: | 北京 中华书局 1986 |
|
| 页数: | 359页 | |
| 开本: | 19cm | |
| 丛书名: | 文史知识文库 | |
| 单 册: | ||
| 中图分类: | K892.9 , I-5 | |
| 科图分类: | ||
| 主题词: | 礼仪--风俗习惯--中国--古代 , 礼仪 , 文学 | |
| 电子资源: | ||
| ISBN: | 7-101-00497-0 | |
| 000 | 00895oam2 2200277 450 | |
| 001 | 1537625195 | |
| 005 | 20151111152516.68 | |
| 010 | @a7-101-00497-0@dCNY13.50 | |
| 100 | @a20010709e19971986em y0chiy0110 ea | |
| 101 | 0 | @achi |
| 102 | @aCN@b110000 | |
| 105 | @aa z 000yy | |
| 200 | 1 | @a古代礼制风俗漫谈@9gu dai li zhi feng su man tan@h二@f《文史知识》编辑部编 |
| 210 | @a北京@c中华书局@d1986@h1997重印 | |
| 215 | @a359页@c插图@d19cm | |
| 225 | 2 | @a文史知识文库 |
| 330 | @a本册包括:九品中正制浅说、唐朝法律略说、南书房、司母戊鼎的发现和价值、世界上最早的纸币、宋代的海船与海员生活、中国的罗汉等内容。 | |
| 461 | 0 | @12001 @a文史知识文库 |
| 606 | 0 | @a礼仪@x风俗习惯@y中国@z古代 |
| 606 | 0 | @a礼仪 |
| 606 | 0 | @a文学 |
| 690 | @aK892.9@v5 | |
| 690 | @aI-5@v4 | |
| 711 | 02 | @a文史知识编辑部@9wen shi zhi shi bian ji bu@4编 |
| 801 | 0 | @aCN@bTSSF@c20150121 |
| 905 | @aZUCC@dI-5@eJY7:2 | |
| 古代礼制风俗漫谈.二/《文史知识》编辑部编.-北京:中华书局,1986(1997重印) |
| 359页:插图;19cm.-(文史知识文库) |
| ISBN 7-101-00497-0:CNY13.50 |
| 本册包括:九品中正制浅说、唐朝法律略说、南书房、司母戊鼎的发现和价值、世界上最早的纸币、宋代的海船与海员生活、中国的罗汉等内容。 |
| ● |
| 相关链接 |
|
|
|
|
正题名:古代礼制风俗漫谈
索取号:I-5/JY7:2
 
预约/预借
| 序号 | 登录号 | 条形码 | 馆藏地/架位号 | 状态 | 备注 |
| 1 | 7856242 | 278562422 | 学院路分馆/ [索取号:I-5/JY7:2] | 在馆 | |
| 2 | 7856243 | 278562431 | 学院路分馆/ [索取号:I-5/JY7:2] | 在馆 |